Multi-storey precast concrete framed structures (Record no. 101723)

MARC details
000 -LEADER
fixed length control field 01106cam a2200241 4500
008 - FIXED-LENGTH DATA ELEMENTS--GENERAL INFORMATION
fixed length control field 011017n2000 000 0 eng u
020 ## - INTERNATIONAL STANDARD BOOK NUMBER
International Standard Book Number 0632055294
035 ## - SYSTEM CONTROL NUMBER
System control number (Sirsi) u115173
041 ## - LANGUAGE CODE
Language code of text/sound track or separate title eng
050 ## - LIBRARY OF CONGRESS CALL NUMBER
Classification number 693.5
100 ## - MAIN ENTRY--PERSONAL NAME
Personal name Elliott, K.
245 ## - TITLE STATEMENT
Title Multi-storey precast concrete framed structures
260 ## - PUBLICATION, DISTRIBUTION, ETC.
Name of publisher, distributor, etc. Blackwell Science
Date of publication, distribution, etc. 2000
300 ## - PHYSICAL DESCRIPTION
Extent xxi,601p.
Other physical details ill.
Dimensions 25cm.
350 ## - PRICE (NR) (BK AM CF MU VM SE) [OBSOLETE]
Price 42.50
520 ## - SUMMARY, ETC.
Summary, etc. A useful reference for structural engineers and architects which covers the design, detailing and construction of precast concrete framed structures. Structural design methods discussed include frame and component analysis, precast floors, composite construction, diaphragm action, connections and frame stability. Also includes sections on design for robustness and temporary stability during frame erection. Includes numerous worked examples and model calculations.
650 ## - SUBJECT ADDED ENTRY--TOPICAL TERM
Topical term or geographic name entry element PRECAST CONCRETE FRAMED BUILDINGS
650 ## - SUBJECT ADDED ENTRY--TOPICAL TERM
Topical term or geographic name entry element CONCRETE STRUCTURES
650 ## - SUBJECT ADDED ENTRY--TOPICAL TERM
Topical term or geographic name entry element CONCRETE
650 ## - SUBJECT ADDED ENTRY--TOPICAL TERM
Topical term or geographic name entry element CONCRETE FRAMES
690 ## - LOCAL SUBJECT ADDED ENTRY--TOPICAL TERM (OCLC, RLIN)
Topical term or geographic name as entry element BUILT ENVIRONMENT-CONSTRUCTION DESIGN
942 ## - ADDED ENTRY ELEMENTS (KOHA)
Suppress in OPAC 0
Holdings
Withdrawn status Lost status Source of classification or shelving scheme Damaged status Not for loan Home library Current library Shelving location Date acquired Cost, normal purchase price Total Checkouts Full call number Barcode Date last seen Date last checked out Copy number Cost, replacement price Price effective from Koha item type
    Dewey Decimal Classification     London London Books 07/03/2002 36.12 7 693.5 ELL 30065478 06/08/2019 16/10/2008 1 36.12 06/08/2019 Book